| 000 | 01004nam a22002417a 4500 | ||
|---|---|---|---|
| 005 | 20240530110449.0 | ||
| 008 | 150504s2010 ua ad g 000 0 ara d | ||
| 017 |
_a23440/2009 _bمصر . دار الكتب المصرية |
||
| 020 | _a9789773191169 | ||
| 040 | _aEG-CaGPL | ||
| 082 | 0 | 4 |
_221 _a070.592\ _bف م |
| 100 | 0 | _aفهد ساعاتى | |
| 245 | 1 | 0 |
_aمواقع الناشرين العرب على شبكة الانترنت : _bدارسة تقييمية مع التخطيط لبناء موقع نموذج / _cفهد ساعاتى |
| 250 | _aط1 | ||
| 260 |
_aالقاهرة : _bالعربى للنشر و التوزيع ، _c2010 . |
||
| 300 |
_a271 ص : _bجداول ؛ _c24 سم . |
||
| 650 | 0 | 4 | _aالانتاج الفكرى |
| 650 | 0 | 4 |
_aمواقع الانترنت _xتقييم |
| 650 | 0 | 4 | _aمواقع الناشرين العرب على الانترنت |
| 650 | 0 | 4 |
_aالناشرون _xمواقع الكترونية |
| 942 |
_2ddc _cBK |
||
| 999 |
_c61221 _d61221 |
||